Dostupnosť bývania v krajinách V4 bakalárska práca

Enregistré dans:
Détails bibliographiques
Auteur principal: Gazdaricová, Veronika
Collectivité auteur: Národohospodárska fakulta EU. Katedra bankovníctva a medzinárodných financií
Autres auteurs: Kováčová, Jana
Format: Livre
Langue:slovaque
Publié: Bratislava 2015
Tags: Ajouter un tag
Pas de tags, Soyez le premier à ajouter un tag!

MARC

LEADER 00000nbm a2200000 4500
001 0205021
005 20161212094934.2
041 0 |a slo 
044 |a SK 
245 1 0 |a Dostupnosť bývania v krajinách V4  |b bakalárska práca  |c Veronika Gazdaricová ; školiteľ: Jana Kováčová 
264 1 |a Bratislava  |c 2015 
300 |a 55 s. 
100 1 |a Gazdaricová, Veronika 
700 1 |a Kováčová, Jana 
710 2 |a Národohospodárska fakulta EU. Katedra bankovníctva a medzinárodných financií